000 01088nam a2200313Ia 4500
003 OSt
005 20220912150119.0
006 a|||||r|||| 00| 0
007 ta
008 220909b |||||||| |||| 00| 0 eng d
024 _a15994
037 _b110/05-06, 20/10/2005, N R Book Distributors
037 _cTextbook
040 _aCSL
_beng
_cCSL
041 _aeng
082 _aD65,8(B)92Ja, P5;2 TD
100 _aNino Jaime
245 0 _aIntroduction to programming and object-oriented design using Java 5.0
250 _a2
260 _aHoboken
_bJohn wiley & sons
_c2005
300 _axxviii, 943p.
_ccm. Includes CD-Rom
500 _aAppendix i-iii, 905-914p.
_ccm.; Glossary 915-930p.
_ccm.; Bibliographical References 931-932p.
_ccm.; Index 933-943p.
_ccm.
650 _a Object oriented design
650 _a Programming
650 _aComputer Science
700 _a Hosch Frederick A.
942 _hD65,8(B)92Ja, P5;2 TD
_cTB
_2CC
999 _c39857
_d39857